[Event "Regionalliga SO 1617 (Women)"]
[Site "Germany"]
[Date "2017.01.22"]
[Round "3.1"]
[White "Brand, Kathrin"]
[Black "Hattemer, Katrin"]
[Result "1/2-1/2"]
[WhiteElo "1896"]
[BlackElo "1921"]
[PlyCount "137"]
[EventDate "2016.10.23"]
[EventType "team-tourn"]
[EventRounds "5"]
[EventCountry "GER"]
[SourceTitle "EXT 2018"]
[Source "ChessBase"]
[SourceDate "2017.10.13"]
[SourceVersion "1"]
[SourceVersionDate "2017.10.13"]
[SourceQuality "1"]
[WhiteTeam "Chemnitz Aufbau (W)"]
[BlackTeam "Bad Hersfeld (W)"]
[WhiteTeamCountry "GER"]
[BlackTeamCountry "GER"]

1. b3 d5 2. Bb2 Nf6 3. e3 Nc6 4. Nf3 Bd7 5. Be2 e6 6. 0-0 Bd6 7. d4 0-0 8. Nbd2 Na5 9. c4 dxc4 10. bxc4 b6 11. e4 Be7 12. Ne5 Be8 13. Qc2 Nc6 14. Nxc6 Bxc6 15. e5 Ne8 16. f4 f6 17. Bf3 Bxf3 18. Nxf3 c5 19. Rad1 cxd4 20. Bxd4 Qc7 21. Qb3 Bc5 22. Qe3 Rc8 23. Bxc5 Qxc5 24. Qxc5 Rxc5 25. Rd4 Rf7 26. Re1 Re7 27. Nd2 Ra5 28. exf6 gxf6 29. Ra1 Rc7 30. a4 Rac5 31. Re1 Kf7 32. Kf2 R5c6 33. Rd1 Nd6 34. Nb3 Ke7 35. a5 bxa5 36. Nxa5 Ra6 37. Nb3 Rxc4 38. Rxc4 Nxc4 39. Nc5 Ra2+ 40. Kg3 Rxg2+ 41. Kh3 Rd2 42. Ra1 a5 43. Ra4 Rd4 44. Kg3 e5 45. fxe5 fxe5 46. Nb7 Kf6 47. Nxa5 Rd3+ 48. Kf2 Nxa5 49. Rxa5 Kf5 50. Ra7 Rh3 51. Kg2 Rh6 52. Rf7+ Ke4 53. Re7 Kf4 54. Rf7+ Ke3 55. Re7 e4 56. h3 Kd3 57. Rd7+ Ke2 58. Kg3 e3 59. h4 Ke1 60. Ra7 Rd6 61. Rxh7 e2 62. Ra7 Rg6+ 63. Kf4 Kf1 64. Re7 e1Q 65. Rxe1+ Kxe1 66. h5 Rb6 67. Kg5 Rb5+ 68. Kg6 Rb6+ 69. Kg5 1/2-1/2